| 000 | 00714nam a22002177a 4500 | ||
|---|---|---|---|
| 005 | 20220425095707.0 | ||
| 008 | 150609b sp ||||| |||| 00| 0 spa d | ||
| 020 | _a8449318998 | ||
| 050 | 0 | 4 |
_aH61.15 _bT39 2006 |
| 100 | 1 |
_aTaylor, Charles, _d1931- |
|
| 240 | 1 | 0 |
_aModern social imaginaries. _lEspañol. |
| 245 | 1 | 0 |
_aImaginarios sociales modernos / _cCharles Taylor ; de la traducción, Ramon Vilà Vernis |
| 250 | _a1a ed. | ||
| 260 |
_aBarcelona, España : _bPaidos Iberica, _c2006 |
||
| 300 |
_a228 p. ; _c23 cm. |
||
| 490 | 0 |
_aPaidós básica ; _v125 |
|
| 650 | 7 |
_2lemb _aCiencias sociales _xFilosofía |
|
| 650 | 7 |
_2lemb _aIdealismo |
|
| 700 | 1 |
_aVilà Vernis, Ramon, _etraductor |
|
| 942 |
_2lcc _cLIB |
||
| 999 |
_c94913 _d94913 |
||